00853 2200301 4500001002100000005001500021035002000036007000300056008004100059100001600100245007900116250000900195300005700204504003000261020002200291082000800313084001400321090001400335260003000349500002800379650001200407700002600419850001000445990002400455990002400479990002400503990002400527INLIS00000000000268620260601080101 a0010-0620000059ta260601 g 0 ind 0 aTri Cahyono1 aPenyehatan Udara :bPenyehatan Udara /cTri Cahyono; Editor: Erang Risanto aEd.1 a352 hlm. :bilus. ;c23 cmeBibliografi, hlm 335-350 abibiliografi, hlm 335-350 a978-979-29-6299-4 a613 a613 TRI p a613 TRI p aYogyakarta :bAndi,c2017 aprofil penulis, hlm 351 4aterapan0 aEditor: Erang Risanto aPUPAD a32.844/DAK/DPK/2019 a32.845/DAK/DPK/2019 a32.842/DAK/DPK/2019 a32.843/DAK/DPK/2019